Να δώσουμε στα παιδιά την όρεξη για διάβασμα : εμψυχώσεις για να ανακαλύψουν τα παιδιά την απόλαυση του διαβάσματος
Αποθηκεύτηκε σε:
| Κύριος συγγραφέας: | |
|---|---|
| Άλλοι συγγραφείς: | |
| Μορφή: | Βιβλίο |
| Γλώσσα: | English French |
| Δημοσίευση: |
Αθήνα :
Καστανιώτης,
c1991.
|
| Θέματα: | |
| Ετικέτες: |
Προσθήκη ετικέτας
Δεν υπάρχουν, Καταχωρήστε ετικέτα πρώτοι!
|
MARC
| LEADER | 00000cam a2200000 i 4500 | ||
|---|---|---|---|
| 001 | 1/99787 | ||
| 008 | 000223s1991 gr | ||| |||| ||eng|| | ||
| 020 | |a 9600309299 | ||
| 035 | |l 10057021 | ||
| 040 | |a GR-MyUA |b gre |e AACR2 | ||
| 041 | 1 | |a eng |h fre | |
| 082 | 0 | |a 028.54 | |
| 100 | 1 | |a Poslaniec, Christian. | |
| 245 | 1 | 0 | |a Να δώσουμε στα παιδιά την όρεξη για διάβασμα : |b εμψυχώσεις για να ανακαλύψουν τα παιδιά την απόλαυση του διαβάσματος / |c Κρίστιαν Ποσλάνιεκ ; απόδοση Στέση Αθήνη. |
| 260 | |a Αθήνα : |b Καστανιώτης, |c c1991. | ||
| 300 | |a 208 σ. ; |c 21 εκ. | ||
| 500 | |a Τίτλος πρωτοτύπου: Donner le gout de lire. | ||
| 504 | |a Περιέχει βιβλιογραφικές αναφορές. | ||
| 650 | 0 | 0 | |a Children |x Books and reading. |
| 650 | 0 | 0 | |a Children's libraries |x Activity programs. |
| 700 | 1 | |a Αθήνη, Στέση, |e trlf | |
| 852 | |a INST |b LESVOS |e 20000623 |h 028.54 POS |p 005100023999 |q 005100023999 |t BK |y 0 | ||
| 852 | |a INST |b RHODES |e 20020211 |h 028.54 POS |p 005400016723 |q 005400016723 |t BK |y 0 | ||
| 852 | |a INST |b RHODES |e 20010322 |h 028.54 POS |p 005400017094 |q 005400017094 |t BK |y 0 | ||
| 852 | |a INST |b RHODES |e 20030602 |h 028.54 POS |p 005400020393 |q 005400020393 |t BK |y 0 | ||
| 852 | |a INST |b SAMOS |e 20000223 |h 028.54 POS |p 005300015712 |q 005300015712 |t BK |y 0 | ||
| 901 | |a BIBL3-2000-1 | ||
| 901 | |a BIBL1-2000-2 | ||
| 901 | |a BIBL4-2001-1 | ||
| 909 | |a Σ |b 073043 | ||
| 909 | |a Λ |b 069800 | ||
| 909 | |a Ρ |b 084937 | ||
| 909 | |a Ρ |b 085235 | ||
| 909 | |a Ρ |b 101882 | ||
| 920 | |a ΣΥΝΕΔΡΙΟ ΡΟΔΟΥ |y Σάμος |z 1999-10 | ||
| 920 | |a ΣΥΝΕΔΡΙΟ ΡΟΔΟΥ |y Λέσβος |z 2001-03 | ||
| 920 | |a ΣΥΝΕΔΡΙΟ ΡΟΔΟΥ |y Ρόδος |z 2002-02 | ||
| 922 | |a 3ΕΛΗ |b 200001 |c ΒΙΒΛΙΟΘΗΚΗ |d ΠΑΠΑΣΩΤΗΡΙΟΥ | ||
| 950 | |a 127-1999-11-29 | ||
| 970 | |a ΓΕΝΟΥΖΟΥ |b ΧΡΥΣΑΝΘΗ |z 2000/02/23 | ||
| 970 | |z 2000/06/ΔΕΜΕΝΑΓΑΣ (ELIDOC) | ||